[Event "FIN-chT 2223"]
[Site "Finland"]
[Date "2023.02.11"]
[Round "9.8"]
[White "Hentunen, Leo"]
[Black "Hartio, Ilkka"]
[Result "1-0"]
[WhiteElo "1890"]
[BlackElo "1977"]
[PlyCount "65"]
[EventDate "2022.09.24"]
[EventType "team-tourn"]
[EventRounds "11"]
[EventCountry "FIN"]
[SourceTitle "EXT 2024"]
[Source "ChessBase"]
[SourceDate "2023.10.10"]
[SourceVersion "1"]
[SourceVersionDate "2023.10.10"]
[SourceQuality "1"]
[WhiteTeam "Joensuu SK"]
[BlackTeam "Jyvaskyla JyS"]
[WhiteTeamCountry "FIN"]
[BlackTeamCountry "FIN"]

1. e4 c6 2. d4 d5 3. Nc3 dxe4 4. Nxe4 Bf5 5. Ng3 Bg6 6. Nf3 Nd7 7. h4 h6 8. h5 Bh7 9. Bd3 Bxd3 10. Qxd3 e6 11. 0-0 Ngf6 12. Bf4 Be7 13. c4 0-0 14. b4 b6 15. Rfb1 Qc8 16. a4 a6 17. Ne5 Nxe5 18. dxe5 Nh7 19. Ne4 Rd8 20. Qg3 Kh8 21. c5 Rd4 22. Nd6 Bxd6 23. exd6 Rd5 24. cxb6 Nf6 25. Rd1 Nxh5 26. Qf3 Nxf4 27. Qxf4 Rxd1+ 28. Rxd1 Qd7 29. Qc4 Qb7 30. Qc5 Rd8 31. b5 axb5 32. axb5 cxb5 33. Qc7 1-0

[Event "FIN-chT 2223"]
[Site "Finland"]
[Date "2023.01.14"]
[Round "7.5"]
[White "Morant, Paul"]
[Black "Hentunen, Leo"]
[Result "0-1"]
[WhiteElo "1997"]
[BlackElo "1890"]
[PlyCount "112"]
[EventDate "2022.09.24"]
[EventType "team-tourn"]
[EventRounds "11"]
[EventCountry "FIN"]
[SourceTitle "EXT 2024"]
[Source "ChessBase"]
[SourceDate "2023.10.10"]
[SourceVersion "1"]
[SourceVersionDate "2023.10.10"]
[SourceQuality "1"]
[WhiteTeam "Turku TuTS"]
[BlackTeam "Joensuu SK"]
[WhiteTeamCountry "FIN"]
[BlackTeamCountry "FIN"]

1. e4 e5 2. Nf3 Nc6 3. Bc4 Bc5 4. 0-0 Nf6 5. d3 d6 6. h3 Na5 7. Nbd2 0-0 8. a4 Nxc4 9. Nxc4 h6 10. Be3 Bxe3 11. Nxe3 Re8 12. Nh2 d5 13. exd5 Nxd5 14. Nxd5 Qxd5 15. Qf3 Be6 16. Rfe1 Rad8 17. Qg3 f6 18. Re3 Qc6 19. Re2 Rd4 20. b3 Red8 21. Rae1 Bf5 22. Qf3 Qxf3 23. Nxf3 R4d5 24. g4 Bh7 25. Nh4 R8d7 26. Ng2 Rd4 27. f3 Kf7 28. Kf2 a6 29. Kg3 b5 30. axb5 axb5 31. f4 exf4+ 32. Nxf4 c5 33. h4 c4 34. bxc4 bxc4 35. Rd2 cxd3 36. cxd3 g5 37. hxg5 hxg5 38. Ng2 Rxd3+ 39. Rxd3 Rxd3+ 40. Re3 Rd4 41. Rc3 Be4 42. Ne3 Rd3 43. Rxd3 Bxd3 44. Kf3 Ke6 45. Nd1 Ke5 46. Ke3 Bc4 47. Nf2 Bb5 48. Ne4 Bd7 49. Nf2 Bb5 50. Ne4 Be8 51. Nc5 Bg6 52. Nd7+ Ke6 53. Nf8+ Kf7 54. Nd7 Bc2 55. Kd2 Bb3 56. Ke3 Be6 0-1

[Event "FIN-chT 2223"]
[Site "Finland"]
[Date "2022.11.05"]
[Round "5.7"]
[White "Rehn, Ralf"]
[Black "Hentunen, Leo"]
[Result "1-0"]
[WhiteElo "2140"]
[BlackElo "1890"]
[PlyCount "51"]
[EventDate "2022.09.24"]
[EventType "team-tourn"]
[EventRounds "11"]
[EventCountry "FIN"]
[SourceTitle "EXT 2024"]
[Source "ChessBase"]
[SourceDate "2023.10.10"]
[SourceVersion "1"]
[SourceVersionDate "2023.10.10"]
[SourceQuality "1"]
[WhiteTeam "Salo SalSK"]
[BlackTeam "Joensuu SK"]
[WhiteTeamCountry "FIN"]
[BlackTeamCountry "FIN"]

1. e4 c5 2. Nf3 d6 3. d4 cxd4 4. Nxd4 Nf6 5. Bb5+ Bd7 6. 0-0 Nxe4 7. Qf3 Bxb5 8. Nxb5 Qd7 9. c4 a6 10. Qxe4 axb5 11. cxb5 g6 12. Nc3 Bg7 13. Nd5 Ra5 14. Qb4 b6 15. a4 Qb7 16. Qe4 Kf8 17. Bg5 f6 18. Rfc1 Na6 19. Rc7 Qxc7 20. Nxc7 Nxc7 21. Bd2 Ra7 22. Qc6 Kf7 23. Qxb6 Rha8 24. a5 Nd5 25. Qc6 e6 26. b6 1-0

[Event "FIN-chT 2223"]
[Site "Finland"]
[Date "2022.10.15"]
[Round "3.8"]
[White "Pihlajamaki, Seppo"]
[Black "Hentunen, Leo"]
[Result "1-0"]
[WhiteElo "1947"]
[BlackElo "1890"]
[PlyCount "93"]
[EventDate "2022.09.24"]
[EventType "team-tourn"]
[EventRounds "11"]
[EventCountry "FIN"]
[SourceTitle "EXT 2024"]
[Source "ChessBase"]
[SourceDate "2023.10.10"]
[SourceVersion "1"]
[SourceVersionDate "2023.10.10"]
[SourceQuality "1"]
[WhiteTeam "Vammala SK"]
[BlackTeam "Joensuu SK"]
[WhiteTeamCountry "FIN"]
[BlackTeamCountry "FIN"]

1. e4 c5 2. Nf3 d6 3. Bb5+ Bd7 4. Qe2 Nc6 5. 0-0 e6 6. c3 Be7 7. d4 cxd4 8. cxd4 Nf6 9. Nc3 0-0 10. h3 a6 11. Bd3 e5 12. dxe5 dxe5 13. Be3 Qa5 14. a3 Rfe8 15. b4 Qc7 16. Rfc1 b5 17. Nd5 Qb7 18. Nxe7+ Rxe7 19. Qb2 Rd8 20. Rd1 h6 21. Bc2 Qc8 22. Bc5 Re6 23. Bb3 Nxe4 24. Bxe6 Bxe6 25. Nxe5 Rxd1+ 26. Rxd1 Nxc5 27. Nxc6 Qxc6 28. Rd8+ Kh7 29. Qc2+ Qe4 30. Qxc5 Bf5 31. Qc3 Qh4 32. Rd6 Be4 33. Qg3 Qe7 34. Rxa6 h5 35. Qe3 Qb7 36. Ra7 Qd5 37. Qg3 g5 38. Qc7 Kg7 39. Qc3+ Kh7 40. Qf6 Bg6 41. Re7 Qa8 42. Qxg5 Qxa3 43. Qe5 Kh6 44. Re8 Qc1+ 45. Kh2 f6 46. Qxf6 Qc7+ 47. g3 1-0